000
00345nam a2200145Ia 4500
008
191201s1993 xx 000 0 und d
082
_a
005.74
100
_a
SIMPSON, Alam
245
0
_a
Understanding Database III Plus
250
_a
1st Rep
260
_a
N. Delhi
_b
BPB Publication
_c
1993
300
_a
414
650
_a
Applied
942
_2
ddc
_c
BK
999
_c
575
_d
575